Mis-Matched Movie Quotes II Quiz Stats

Quiz Updated Dec 8, 2016

Challenge
Share
Tweet
Score 0/15 Timer 04:00
0 Plays Today
% Correct
The first rule of Fight Club is: You do not talk about a coin toss.
96.9%
Go ahead, make my milkshake.
95.8%
Where we're going, we don't need speed.
95%
Mrs. Robinson, you're talking to me.
94.6%
Get busy livin' or get serious.
92%
A boy's best friend is that man behind the curtain!
91.4%
They may take our lives, but they will never take our stapler!
90.8%
We're on a mission from the king.
89.8%
% Correct
They call it a cannoli.
86%
Tell 'em to go out there with all they got and plaaaay.
84.6%
Are you not back?
84.3%
I don't roll on another day!
83.7%
Made it, Ma! Top of eleven!
83.2%
What do you mean people?
82%
I wish I knew how to come back a star!
77.6%

You're not logged in!

Compare scores with friends on all Sporcle quizzes.
Join for Free
OR
Log In

You Might Also Like...

Show Comments

Extras

Top Quizzes Today


Score Distribution

Your Account Isn't Verified!

In order to create a playlist on Sporcle, you need to verify the email address you used during registration. Go to your Sporcle Settings to finish the process.

Report this User

Report this user for behavior that violates our Community Guidelines.

Details: